Ecology or economics in cardamom development (Record no. 185934)

MARC details
000 -LEADER
fixed length control field 00589nam a2200205Ia 4500
008 - FIXED-LENGTH DATA ELEMENTS--GENERAL INFORMATION
fixed length control field 140306s9999 xx 000 0 und d
020 ## - INTERNATIONAL STANDARD BOOK NUMBER
International Standard Book Number 81 204 0426 2
041 ## - LANGUAGE CODE
Language code of text/sound track or separate title eng
082 ## - DEWEY DECIMAL CLASSIFICATION NUMBER
Classification number 338 .1
Item number NAI/EC
100 ## - MAIN ENTRY--PERSONAL NAME
Personal name Nair, K N
245 ## - TITLE STATEMENT
Title Ecology or economics in cardamom development
260 ## - PUBLICATION, DISTRIBUTION, ETC. (IMPRINT)
Place of publication, distribution, etc. New Delhi
Name of publisher, distributor, etc. Oxford and IBH Publishing Company Pvt Ltd
Date of publication, distribution, etc. 1989
300 ## - PHYSICAL DESCRIPTION
Extent 120
365 ## - TRADE PRICE
Price amount Rs .75
440 ## - SERIES STATEMENT/ADDED ENTRY--TITLE
Volume/sequential designation Centre for Development studies Occassional Paper Series
650 ## - SUBJECT ADDED ENTRY--TOPICAL TERM
Topical term or geographic name as entry element Agriculture economics
700 ## - ADDED ENTRY--PERSONAL NAME
Personal name Narayana, D
700 ## - ADDED ENTRY--PERSONAL NAME
Personal name sivanandan, P
942 ## - ADDED ENTRY ELEMENTS (KOHA)
Source of classification or shelving scheme Dewey Decimal Classification
Koha item type Books (General)
Holdings
Withdrawn status Lost status Source of classification or shelving scheme Damaged status Not for loan Home library Current library Date acquired Cost, normal purchase price Total Checkouts Full call number Date last seen Price effective from Koha item type
    Dewey Decimal Classification     College of Co-operation, Banking & Management Library, Vellanikkara College of Co-operation, Banking & Management Library, Vellanikkara 03/12/2004 75.00   338 .1 NAI/EC 22/03/2014 22/03/2014 Books (General)
Kerala Agricultural University Central Library
Thrissur-(Dt.), Kerala Pin:- 680656, India
Ph : (+91)(487) 2372219
E-mail: librarian@kau.in
Website: http://library.kau.in/